Pháp luật dân sự và thực tiễn xét xử

Đã lưu trong:
書目詳細資料
主要作者: Tưởng, Duy Lượng
格式: 圖書
語言:Undetermined
出版: Hà Nội Chính trị Quốc gia 2013
主題:
標簽: 添加標簽
沒有標簽, 成為第一個標記此記錄!
Thư viện lưu trữ: Trung tâm Học liệu Trường Đại học Cần Thơ
LEADER 00601nam a2200193Ia 4500
001 CTU_181266
008 210402s9999 xx 000 0 und d
020 |c 67000 
082 |a 347.597012 
082 |b L561 
100 |a Tưởng, Duy Lượng 
245 0 |a Pháp luật dân sự và thực tiễn xét xử 
245 0 |c Tưởng Duy Lượng 
260 |a Hà Nội 
260 |b Chính trị Quốc gia 
260 |c 2013 
650 |a Civil procedure,Tố tụng dân sự 
650 |z Vietnam 
980 |a Trung tâm Học liệu Trường Đại học Cần Thơ